Women's Liberation : Blueprint for the Future /

שמור ב:
מידע ביבליוגרפי
מחבר ראשי: Stambler, Sookie (comp.)
פורמט: ספר
שפה:אנגלית
יצא לאור: Nueva York, EUA : Ace Books, 1970, c1970
נושאים:
תגים: הוספת תג
אין תגיות, היה/י הראשונ/ה לתייג את הרשומה!

MARC

LEADER 00000nam^a2200000^a^4500
001 000193912
005 20250521000000.0
009 20260310102657.891
037 |a Acervo ITESO - Biblioteca 
041 |a ING 
082 |a 305. 420973  |b STA 
100 |a Stambler, Sookie  |e (comp.) 
245 1 0 |a Women's Liberation :  |b Blueprint for the Future /  |c Comp. de S. Stambler. 
264 4 |a Nueva York, EUA :  |b Ace Books,  |c 1970, c1970 
300 |a 283 p. 
336 |a texto  |b txt  |2 rdacontenido 
337 |a sin mediación  |b n  |2 rdamedio 
338 |a volumen  |b nc  |2 rdasoporte 
649 |a XX 
650 |a Mujeres -  |z EUA -  |x Condiciones Sociales y Culturales -  |x Tema Principal 
650 |a Movimientos de Mujeres -  |z EUA 
650 |a Feminismo -  |z EUA -  |x Tema Principal 
650 |a Movimientos Sociales 
650 |a Sexualidad 
650 |a Sociología de la Cultura 
650 |a Sociología 
910 |a Fondo General 
920 |a Impresos - Libros 
930 |a Colección General 
905 |a 101 
901 |a 0500138676  |b IT1  |c ACC  |u 20250521 
902 |a https://opac.biblio.iteso.mx/vufind/Record/000193912